000 00874aam a2200289 a 4500
001 001398531
003 AR-RoIUNI
005 20190510121508.0
007 ta
008 170527s2014 ag gr 001 0 spa
015 _aAR-2014
020 _a9789871716883
040 _aAR-BaBN
_cIUNIR
041 1 _aspa
_heng
044 _aag
_car-c
080 1 _a378 LAT
_22004
100 1 _aLattuca, Lisa R.
245 1 3 _aLa elaboración del plan de estudios de la universidad
_bLos planes académicos en contexto
_cLisa R. Lattuca y Joan S. Stark.
260 _aBuenos Aires
_bUniversidad de Palermo
_c2014
300 _a572 p. ;
_c23 cm.
650 1 0 _aEducación Superior
_9489
700 1 _aStark, Joan S.
830 0 _aColección de Educación Superior
930 1 _lBNA01
_mLIBRO
_601055883
_820170529
_f11
942 _2cdu
_cBK
956 _aDVINAS
_b20
_c20170529
_lBNA01
_h1508
999 _c4611
_d4611